Statistics for Oldest Franchises Without A Championship

Click here to take the quiz!

General Stats

  • This quiz has been taken 17 times
    (11 since last reset)
  • The average score is 4 of 8

Answer Stats

LeagueYearTeam% Correct
NFL1969Cincinnati Bengals
80%
MLB1961Texas Rangers
60%
NBA1969Phoenix Suns
60%
NHL1971Vancouver Canucks
60%
MLS1996New York Red Bulls
40%
NHL1971Buffalo Sabres
40%
MLS1996FC Dallas
20%
MLS1996New England Revolution
20%

Score Distribution

Percentile by Number Answered

Percent of People with Each Score

Your Score History

You have not taken this quiz since the last reset